Normal view
MARC view
Entry Personal Name
001 - CONTROL NUMBER
- control field: 1483036
003 - CONTROL NUMBER IDENTIFIER
- control field: NLI
005 - DATE AND TIME OF LATEST TRANSACTION
- control field: 20231208121007.0
008 - FIXED-LENGTH DATA ELEMENTS
- fixed length control field: 231208|| aca||aabn | a|a d
040 ## - CATALOGING SOURCE
- Original cataloging agency: NLI
- Transcribing agency: NLI
100 ## - HEADING--PERSONAL NAME
- Personal name: Dhar, Subhankar
670 ## - SOURCE DATA FOUND
- Source citation: Work cat.: (NLI)1323541: 1482785, Large scale complex network analysis LSCNA 2015:, 2015.
